Combien de ville du Morbihan (56) connais-tu ? - Statistiques

Statistiques générales
  • Ce quiz a été pris 47 fois
  • Le résultat moyen est 54 sur 249
Statistiques - réponses
Code postal Ville % Correct
56000 Vannes
98%
56100 Lorient
95%
56400 Auray
75%
56300 Pontivy
75%
56110 Le Saint
68%
56341 Carnac
65%
56600 Lanester
63%
56170 Quiberon
63%
56704 Hennebont
58%
56800 Ploërmel
55%
56640 Arzon
53%
56370 Sarzeau
53%
56860 Séné
53%
56870 Larmor-Baden
50%
56260 Larmor-Plage
50%
56870 Baden
48%
56230 Questembert
48%
56390 Grand-Champ
45%
56360 Locmaria
45%
56890 Saint-Avé
45%
56270 Ploemeur
43%
56610 Arradon
40%
56410 Étel
40%
56150 Baud
38%
56410 Erdeven
38%
56520 Guidel
38%
56470 La Trinité-sur-Mer
38%
56190 Muzillac
38%
56411 Sainte-Anne-d'Auray
38%
56510 Saint-Pierre-Quiberon
38%
56855 Caudan
35%
56590 Groix
35%
56690 Landévant
35%
56400 Le Bono
35%
56360 Le Palais
35%
56340 Plouharnel
35%
56450 Theix-Noyalo
35%
56550 Belz
33%
56250 Elven
33%
56740 Locmariaquer
33%
56920 Noyal-Pontivy
33%
56880 Ploeren
33%
56240 Plouay
33%
56680 Plouhinec
33%
56730 Saint-Gildas-de-Rhuys
33%
56450 Surzur
33%
56190 Arzal
30%
56750 Damgan
30%
56380 Guer
30%
56780 Île-aux-Moines
30%
56650 Inzinzac-Lochrist
30%
56200 La Gacilly
30%
56500 Locminé
30%
56570 Locmiquélic
30%
56400 Ploemel
30%
56400 Plougoumelen
30%
56620 Pont-Scorff
30%
56290 Port-Louis
30%
56530 Quéven
30%
56190 Ambon
28%
56404 Brech
28%
56330 Camors
28%
56950 Crach
28%
56680 Gâvres
28%
56440 Languidic
28%
56140 Malestroit
28%
56430 Mauron
28%
56760 Pénestin
28%
56310 Quistinic
28%
56670 Riantec
28%
56660 Saint-Jean-Brévelay
28%
56470 Saint-Philibert
28%
56910 Carentoir
25%
56120 Josselin
25%
56130 La Roche-Bernard
25%
56550 Locoal-Mendon
25%
56130 Nivillac
25%
56190 Noyal-Muzillac
25%
56400 Plumergat
25%
56330 Pluvigner
25%
56220 Rochefort-en-Terre
25%
56700 Sainte-Hélène
25%
56360 Sauzon
25%
56350 Allaire
23%
56380 Beignon
23%
56240 Calan
23%
56170 Hœdic
23%
56700 Kervignac
23%
56690 Landaul
23%
56490 Mohon
23%
56250 Monterblanc
23%
56400 Pluneret
23%
56500 Radenac
23%
56800 Augan
20%
56360 Bangor
20%
56390 Brandivy
20%
56800 Campénéac
20%
56420 Guéhenno
20%
56490 Guilliers
20%
56840 Île-d'Arz
20%
56240 Inguiniel
20%
56190 La Trinité-Surzur
20%
56500 Moréac
20%
56890 Plescop
20%
56420 Plumelec
20%
56580 Rohan
20%
56450 Saint-Armel
20%
56140 Saint-Marcel
20%
56250 Saint-Nolff
20%
56460 Sérent
20%
56800 Taupont
20%
56430 Tréhorenteuc
20%
56230 Berric
18%
56140 Bohal
18%
56700 Brandérion
18%
56580 Bréhan
18%
56310 Bubry
18%
56620 Cléguer
18%
56430 Concoret
18%
56130 Férel
18%
56530 Gestel
18%
56120 Helléan
18%
56490 La Trinité-Porhoët
18%
56190 Le Guerno
18%
56450 Le Hézo
18%
56370 Le Tour-du-Parc
18%
56390 Locqueltas
18%
56220 Malansac
18%
56310 Melrand
18%
56700 Merlevenez
18%
56140 Missiriac
18%
56230 Molac
18%
56690 Nostang
18%
56130 Péaule
18%
56140 Ruffiac
18%
56380 Saint-Malo-de-Beignon
18%
56350 Saint-Vincent-sur-Oust
18%
56250 Sulniac
18%
56460 Val d'Oust
18%
56350 Béganne
15%
56500 Bignan
15%
56190 Billiers
15%
56420 Billio
15%
56420 Buléon
15%
56220 Caden
15%
56130 Camoël
15%
56150 Guénin
15%
56310 Guern
15%
56170 Île-d'Houat
15%
56540 Kernascléden
15%
56120 La Croix-Helléan
15%
56230 Larré
15%
56190 Lauzach
15%
56320 Le Faouët
15%
56430 Néant-sur-Yvel
15%
56220 Peillac
15%
56140 Pleucadeuc
15%
56120 Pleugriffet
15%
56160 Ploërdut
15%
56770 Plouray
15%
56500 Plumelin
15%
56380 Porcaro
15%
56500 Réguiny
15%
56350 Rieux
15%
56500 Saint-Allouestre
15%
56220 Saint-Jacut-les-Pins
15%
56200 Saint-Martin-sur-Oust
15%
56250 Treffléan
15%
56140 Caro
13%
56580 Crédin
13%
56500 Évellys
13%
56110 Gourin
13%
56120 Guégon
13%
56920 Gueltas
13%
56160 Guémené-sur-Scorff
13%
56800 Guillac
13%
56920 Kerfourn
13%
56500 La Chapelle-Neuve
13%
56120 Lantillac
13%
56320 Lanvénégen
13%
56230 Le Cours
13%
56540 Le Croisty
13%
56220 Limerzel
13%
56460 Lizio
13%
56800 Loyat
13%
56320 Meslan
13%
56380 Monteneuf
13%
56140 Saint-Abraham
13%
56150 Saint-Barthélemy
13%
56430 Saint-Brieuc-de-Mauron
13%
56130 Saint-Dolay
13%
56490 Saint-Malo-des-Trois-Fontaines
13%
56250 Trédion
13%
56480 Cléguérec
10%
56200 Cournon
10%
56490 Évriguet
10%
56300 Kergrist
10%
56240 Lanvaudan
10%
56250 La Vraie-Croix
10%
56200 Les Fougerêts
10%
56300 Le Sourn
10%
56160 Lignol
10%
56390 Locmaria-Grand-Champ
10%
56300 Malguénac
10%
56490 Ménéac
10%
56890 Meucon
10%
56800 Montertelot
10%
56500 Moustoir-Ac
10%
56420 Plaudren
10%
56310 Pluméliau-Bieuzy
10%
56320 Priziac
10%
56480 Sainte-Brigitte
10%
56920 Saint-Gonnery
10%
56220 Saint-Gravé
10%
56430 Saint-Léry
10%
56120 Saint-Servant
10%
56300 Saint-Thuriau
10%
56160 Séglien
10%
56480 Silfiac
10%
56240 Berné
8%
56390 Colpo
8%
56420 Cruguel
8%
56800 Gourhel
8%
56160 Langoëlan
8%
56630 Langonnet
8%
56160 Locmalo
8%
56300 Neulliac
8%
56110 Roudouallec
8%
56540 Saint-Caradec-Trégomel
8%
56140 Saint-Congard
8%
56350 Saint-Gorgon
8%
56460 Saint-Guyomard
8%
56140 Saint-Laurent-sur-Oust
8%
56910 Saint-Nicolas-du-Tertre
8%
56140 Tréal
8%
56430 Brignac
5%
56560 Guiscriff
5%
56130 Marzan
5%
56160 Persquen
5%
56220 Pluherlin
5%
56140 Réminiac
5%
56480 Saint-Aignan
5%
56920 Saint-Gérand-Croixanvec
5%
56350 Saint-Jean-la-Poterie
5%
56350 Saint-Perreux
5%
56130 Théhillac
5%
56120 Forges de Lanouée
3%
56120 La Grée-Saint-Laurent
3%
56540 Saint-Tugdual
3%
Aucun quiz correspondant
Distribution des résultats
% des personnes avec chaque résultat
Percentile par nombre de réponses
Votre historique - résultats
Vous n’avez pas pris ce quiz